| 000 | 00592nam a2200193 a 4500 | ||
|---|---|---|---|
| 001 | 000045640 | ||
| 005 | 20240412074304.0 | ||
| 008 | 091019s1981 dr 000 d spa d | ||
| 040 |
_aDO-SdBNP _bspa _cBNPHU |
||
| 082 |
_aRD862.44 _bR918, 1981 |
||
| 100 | 1 |
_aRueda, Manuel, _d1921 _926771 |
|
| 245 | 1 | 3 |
_aEl rey Clinejas / _cManuel Rueda. |
| 250 | _a2a ed. | ||
| 260 |
_aSanto Domingo : _bAlfa & Omega, _c1981. |
||
| 300 |
_a126 p. : ; _c18 cm. |
||
| 590 | _aPerteneció a la biblioteca personal de Erick Landestoy | ||
| 650 | 0 |
_aTeatro dominicano _9637 |
|
| 650 | 0 |
_aLiteratura dominicana. _967 |
|
| 999 |
_c45129 _d45129 |
||